| 000 | 02007nam0a2200385 4500 | ||
|---|---|---|---|
| 001 | RU\NLR\BIBL_A\022558965 | ||
| 005 | 20260420045414.0 | ||
| 010 |
_a978-5-317-07356-5 _9500 |
||
| 021 |
_aRU _bКН-П-25-022587 _9КН-П-25-2277 |
||
| 035 | _a(NLR Aleph) 022558965 | ||
| 090 |
_a13674368 _c13674368 |
||
| 100 | _a20250604d2025 u y0rusy50 ca | ||
| 101 | 0 |
_arus _deng |
|
| 102 | _aRU | ||
| 105 | _ay j 000yy | ||
| 181 | 0 |
_ai4 _baxxe |
|
| 182 | 0 | _an | |
| 200 | 1 |
_aЦивилизации. Междисциплинарный анализ _dCivilizations. Interdisciplinary analysis _eучебное пособие _eпо направлению подготовки 41.03.05/41.04.05 "Международные отношения" _fЛ. А. Асланов _gМосковский государственный университет имени М. В. Ломоносова, Факультет глобальных процессов _zeng |
|
| 203 |
_aТекст _bвизуальный _cнепосредственный |
||
| 210 |
_aМосква _cМАКС Пресс _d2025 |
||
| 215 |
_a286 с. _d22 |
||
| 300 | _aНа обороте тит. с. авт.: Асланов Л. А., проф., д-р хим. наук | ||
| 300 | _aРез. на англ. яз. | ||
| 320 | _aБиблиогр.: с. 285-286 (29 назв.) | ||
| 510 | 1 |
_6z20790 _aCivilizations. Interdisciplinary analysis _zeng |
|
| 606 | 1 |
_aЦивилизации _jУчебные издания для высших учебных заведений _92081284 _3RU\NLR\AUTH\661257262 |
|
| 606 | 1 |
_aЭтология _jУчебные издания для высших учебных заведений _91365485 _3RU\NLR\AUTH\66257487 |
|
| 686 | 1 | _aТ3(0)я73 | |
| 686 | 1 | _aЕ991.782я73 | |
| 700 | 1 |
_aАсланов _bЛ. А. _gЛеонид Александрович |
|
| 790 | 1 |
_6z20510 _aAslanov _bL. A. _gLeonid Aleksandrovič |
|
| 942 | _cBOOK | ||
| 980 | _aNB | ||